Analýza konkurencie odevného tovaru na trhu dizertačná práca

Gespeichert in:
Bibliographische Detailangaben
1. Verfasser: Mlákay, Jozef
Körperschaft: Ekonomická univerzita v Bratislave. Obchodná fakulta
Weitere Verfasser: Kollár, Vojtech
Format: Buch
Sprache:Slowakisch
Veröffentlicht: Bratislava 1997
Schlagworte:
Tags: Tag hinzufügen
Keine Tags, Fügen Sie das erste Tag hinzu!

MARC

LEADER 00000nbm a2200000 4500
001 0168824
005 20221207103749.9
041 0 |a slo 
044 |a SK 
245 1 0 |a Analýza konkurencie odevného tovaru na trhu  |b dizertačná práca  |c Jozef Mlákay ; školiteľ: Vojtech Kollár 
264 1 |a Bratislava  |c 1997 
300 |a 160 s. 
610 2 0 |a odevy 
610 2 0 |a konkurencia 
610 2 0 |a Slovensko 
100 1 |a Mlákay, Jozef 
700 1 |a Kollár, Vojtech 
710 2 |a Ekonomická univerzita v Bratislave. Obchodná fakulta